[Event "Criciuma op-B"]
[Site "Criciuma"]
[Date "2024.01.18"]
[Round "9"]
[White "Da Silva, Miguel Michels"]
[Black "De Matos, Alexandre"]
[Result "1/2-1/2"]
[WhiteElo "1365"]
[BlackElo "1663"]
[PlyCount "79"]
[EventDate "2024.01.12"]
[EventType "swiss"]
[EventRounds "9"]
[EventCountry "BRA"]
[SourceTitle "CB04_2024"]
[SourceDate "2023.10.16"]
[SourceVersion "1"]
[SourceVersionDate "2023.10.16"]
[SourceQuality "1"]

1. d4 f5 2. c4 Nf6 3. Nc3 e6 4. e3 Bb4 5. Bd3 Bxc3+ 6. bxc3 b6 7. Ba3 d6 8. Ne2 0-0 9. 0-0 c5 10. Bc2 Nc6 11. f3 Na5 12. Bb3 Ba6 13. Nf4 Qe8 14. Ba4 Qf7 15. Bb5 Bc8 16. Qd3 g5 17. Ne2 Bb7 18. Ng3 Nh5 19. Nxh5 Qxh5 20. e4 g4 21. d5 Rf6 22. fxg4 Qxg4 23. exf5 exf5 24. Rf3 f4 25. Re1 Raf8 26. Re7 Rg6 27. Qe2 Bc8 28. Bc1 a6 29. Ba4 Nxc4 30. Bc2 Ne5 31. Rxe5 dxe5 32. Bxg6 hxg6 33. Qxe5 g5 34. c4 Qf5 35. Qc3 Rf7 36. Rh3 Rh7 37. Rxh7 Qxh7 38. Bb2 g4 39. Bc1 Qe4 40. Bb2 1/2-1/2

[Event "Criciuma op-B"]
[Site "Criciuma"]
[Date "2024.01.16"]
[Round "6"]
[White "De Matos, Alexandre"]
[Black "Juliano, Luiz Augusto Porto"]
[Result "1-0"]
[WhiteElo "1663"]
[BlackElo "1656"]
[PlyCount "63"]
[EventDate "2024.01.12"]
[EventType "swiss"]
[EventRounds "9"]
[EventCountry "BRA"]
[SourceTitle "CB04_2024"]
[SourceDate "2023.10.16"]
[SourceVersion "1"]
[SourceVersionDate "2023.10.16"]
[SourceQuality "1"]

1. d4 Nf6 2. Bf4 c5 3. c3 e6 4. e3 b6 5. Nf3 Bb7 6. Nbd2 Be7 7. Bd3 d6 8. Qe2 Nbd7 9. e4 cxd4 10. cxd4 0-0 11. 0-0 Nh5 12. Be3 f5 13. exf5 exf5 14. Ng5 Bxg5 15. Qxh5 Bxe3 16. fxe3 g6 17. Qh6 Qe7 18. Rae1 Nf6 19. Qg5 Rad8 20. Rxf5 Kh8 21. Rf4 Nd5 22. Rxf8+ Rxf8 23. Qxe7 Nxe7 24. e4 Nc6 25. Nf3 Rf4 26. d5 Nb4 27. Bb1 Kg7 28. Rc1 Na6 29. Ng5 Kh6 30. Ne6 Rf6 31. Rc3 g5 32. Rh3+ 1-0

[Event "Florianopolis op-B"]
[Site "Florianopolis"]
[Date "2023.09.22"]
[Round "1"]
[White "De Matos, Alexandre"]
[Black "Silva, Maria Julia Barbier"]
[Result "1-0"]
[WhiteElo "1720"]
[BlackElo "1231"]
[PlyCount "65"]
[EventDate "2023.09.22"]
[EventType "swiss"]
[EventRounds "6"]
[EventCountry "BRA"]
[SourceTitle "EXT 2024"]
[Source "ChessBase"]
[SourceDate "2023.10.10"]
[SourceVersion "1"]
[SourceVersionDate "2023.10.10"]
[SourceQuality "1"]

1. e4 e5 2. Nf3 d6 3. d4 Ne7 4. dxe5 Nbc6 5. Bc4 Be6 6. Bxe6 fxe6 7. exd6 cxd6 8. 0-0 Ng6 9. Qe2 Be7 10. Be3 0-0 11. Nbd2 Qc7 12. c3 a6 13. g3 Rf7 14. h4 Nce5 15. h5 Nxf3+ 16. Nxf3 Ne5 17. Nxe5 dxe5 18. Rad1 Bf6 19. Rd2 Qe7 20. Rfd1 Bg5 21. Rd7 Qf6 22. Rxf7 Kxf7 23. Bc5 Rd8 24. Rd3 h6 25. Rf3 Bf4 26. gxf4 exf4 27. Bd4 Qg5+ 28. Kf1 Qh4 29. Qc4 Rd6 30. Qc7+ Ke8 31. Qxd6 Qxh5 32. Qxe6+ Kd8 33. Bb6# 1-0

[Event "Florianopolis op-A 04"]
[Site "Florianopolis"]
[Date "2023.04.30"]
[Round "4"]
[White "Feller, Gabriela Luisa Vice"]
[Black "De Matos, Alexandre"]
[Result "1-0"]
[WhiteElo "1891"]
[BlackElo "1732"]
[PlyCount "113"]
[EventDate "2023.04.28"]
[EventType "swiss"]
[EventRounds "6"]
[EventCountry "BRA"]
[SourceTitle "CBM 214 Extra"]
[Source "ChessBase"]
[SourceDate "2023.07.31"]
[SourceVersion "1"]
[SourceVersionDate "2023.07.31"]
[SourceQuality "1"]

1. d4 d5 2. c4 dxc4 3. Nc3 a6 4. a4 Nc6 5. Nf3 Nf6 6. Bf4 Bg4 7. e3 Na5 8. Be2 Bxf3 9. Bxf3 e6 10. 0-0 h6 11. Qc2 Bd6 12. Bg3 Bxg3 13. hxg3 0-0 14. Rfd1 c6 15. Be2 b5 16. Na2 Nb3 17. Rab1 Qe7 18. Nc1 Nxc1 19. Rbxc1 Rfc8 20. b3 cxb3 21. Qxb3 Rab8 22. Rd2 c5 23. axb5 axb5 24. Bxb5 cxd4 25. Rxc8+ Rxc8 26. Rxd4 Rc1+ 27. Bf1 Qc7 28. Qd3 Nd5 29. Ra4 Qc6 30. Ra6 Qb7 31. Ra2 f5 32. Ra6 Rc3 33. Qd4 Qf7 34. Qe5 Rc1 35. Rxe6 Nc3 36. f3 Ne2+ 37. Kf2 Nxg3 38. Bd3 Nh1+ 39. Ke2 Rc8 40. Ra6 Qb3 41. Qe6+ Qxe6 42. Rxe6 Kf7 43. Ra6 g6 44. e4 f4 45. e5 Ng3+ 46. Kd2 Rd8 47. Kc3 Rc8+ 48. Bc4+ Ke7 49. Rxg6 Nf5 50. Kb4 Rb8+ 51. Ka5 Ra8+ 52. Kb6 Rb8+ 53. Kc7 Rb2 54. Re6+ Kf8 55. Rf6+ Ke8 56. Rxf5 Rc2 57. Rxf4 1-0

[Event "Florianopolis op-A 04"]
[Site "Florianopolis"]
[Date "2023.04.29"]
[Round "3"]
[White "De Matos, Alexandre"]
[Black "Bassani, Jaison Jose"]
[Result "0-1"]
[WhiteElo "1732"]
[BlackElo "1964"]
[PlyCount "50"]
[EventDate "2023.04.28"]
[EventType "swiss"]
[EventRounds "6"]
[EventCountry "BRA"]
[SourceTitle "CBM 214 Extra"]
[Source "ChessBase"]
[SourceDate "2023.07.31"]
[SourceVersion "1"]
[SourceVersionDate "2023.07.31"]
[SourceQuality "1"]

1. d4 d6 2. e4 Nf6 3. Nc3 g6 4. Bf4 Bg7 5. Qd2 c6 6. f3 b5 7. Bh6 0-0 8. h4 e5 9. Bxg7 Kxg7 10. 0-0-0 Qe7 11. g4 Nbd7 12. h5 Nb6 13. hxg6 fxg6 14. Qh6+ Kg8 15. Nh3 Be6 16. Ng5 Bc4 17. Rh3 a5 18. Bxc4+ Nxc4 19. dxe5 dxe5 20. Nb1 Rad8 21. Rxd8 Rxd8 22. b3 Na3 23. Qh4 Qc5 24. c3 Qg1+ 25. Kb2 Qxb1+ 0-1

[Event "Florianopolis op-A 04"]
[Site "Florianopolis"]
[Date "2023.04.28"]
[Round "1"]
[White "De Matos, Alexandre"]
[Black "Piekarski, Atila Balzer"]
[Result "0-1"]
[WhiteElo "1732"]
[BlackElo "2050"]
[PlyCount "123"]
[EventDate "2023.04.28"]
[EventType "swiss"]
[EventRounds "6"]
[EventCountry "BRA"]
[SourceTitle "CBM 214 Extra"]
[Source "ChessBase"]
[SourceDate "2023.07.31"]
[SourceVersion "1"]
[SourceVersionDate "2023.07.31"]
[SourceQuality "1"]

1. d4 Nf6 2. Bf4 b6 3. e3 Bb7 4. Nf3 c5 5. c3 g6 6. h3 Bg7 7. Nbd2 0-0 8. Be2 d6 9. 0-0 Nc6 10. Bh2 a6 11. a4 Re8 12. Rb1 e5 13. dxe5 Nxe5 14. b4 Nd5 15. Bxe5 dxe5 16. bxc5 Nxc3 17. Qe1 Nxb1 18. Nxb1 bxc5 19. Qc1 Qa5 20. Nbd2 e4 21. Nc4 Qxa4 22. Nfd2 Rad8 23. f3 exf3 24. Bxf3 Bxf3 25. Rxf3 Qa1 26. Qxa1 Bxa1 27. Nb3 Rd1+ 28. Kf2 Rb8 29. Ke2 Rg1 30. Nxa1 Rxa1 31. Rf6 Rc8 32. Nb6 Re8 33. Rc6 Re6 34. Rc8+ Kg7 35. Nd5 Rc1 36. g4 h6 37. Nc7 Rb6 38. h4 f5 39. g5 hxg5 40. hxg5 Kf7 41. Nd5 Rb7 42. Rc6 Ra7 43. Rf6+ Kg7 44. Nf4 a5 45. Rxg6+ Kf7 46. Rf6+ Ke8 47. g6 Rg1 48. Rxf5 a4 49. Re5+ Kd7 50. Rd5+ Kc6 51. Rd2 a3 52. Ra2 Kb5 53. Kf2 Rg5 54. Kf3 Kc4 55. Ne2 Rxg6 56. Kf2 Kb4 57. e4 c4 58. Ke3 Rd7 59. e5 Rd1 60. Nd4 Rg3+ 61. Kf4 Rxd4+ 62. Kxg3 0-1

[Event "Florianopolis op 9th"]
[Site "Florianopolis"]
[Date "2023.01.29"]
[Round "10"]
[White "Hirano, Enzo Erich Kreutz"]
[Black "De Matos, Alexandre"]
[Result "1/2-1/2"]
[WhiteElo "1741"]
[BlackElo "1871"]
[PlyCount "78"]
[EventDate "2023.01.23"]
[EventType "swiss"]
[EventRounds "10"]
[EventCountry "BRA"]
[SourceTitle "CBM 212 Extra"]
[Source "ChessBase"]
[SourceDate "2023.03.31"]
[SourceVersion "1"]
[SourceVersionDate "2023.03.31"]
[SourceQuality "1"]

1. e4 e6 2. d4 d5 3. Nd2 c5 4. exd5 Qxd5 5. dxc5 Bxc5 6. Ngf3 Nf6 7. Bc4 Qd8 8. 0-0 0-0 9. Qe2 Nc6 10. Nb3 Be7 11. a4 a5 12. Rd1 Qc7 13. Bg5 b6 14. c3 Bb7 15. Bb5 Rad8 16. Rxd8 Rxd8 17. Rd1 Rxd1+ 18. Qxd1 Ne5 19. Nbd4 h6 20. Bh4 Nxf3+ 21. Nxf3 Qf4 22. Bg3 Bxf3 23. gxf3 Qf5 24. Qd3 Qxd3 25. Bxd3 Ne8 26. Bb5 Kf8 27. Kf1 Bc5 28. Ke2 Nd6 29. Bxd6+ Bxd6 30. h3 g5 31. Kd3 Ke7 32. Kc4 Kd8 33. b4 axb4 34. cxb4 Kc7 35. Be8 h5 36. Bxf7 h4 37. Bxe6 Bg3 38. a5 bxa5 39. bxa5 Bxf2 1/2-1/2

[Event "Florianopolis op 9th"]
[Site "Florianopolis"]
[Date "2023.01.26"]
[Round "6"]
[White "Marques Junior, Marcos Antonio"]
[Black "De Matos, Alexandre"]
[Result "1-0"]
[WhiteElo "1870"]
[BlackElo "1871"]
[PlyCount "85"]
[EventDate "2023.01.23"]
[EventType "swiss"]
[EventRounds "10"]
[EventCountry "BRA"]
[SourceTitle "CBM 212 Extra"]
[Source "ChessBase"]
[SourceDate "2023.03.31"]
[SourceVersion "1"]
[SourceVersionDate "2023.03.31"]
[SourceQuality "1"]

1. Nf3 d5 2. e3 Nf6 3. b3 Bg4 4. Bb2 Nbd7 5. d4 e6 6. Nbd2 Bd6 7. h3 Bh5 8. g4 Bg6 9. Ne5 Qe7 10. a3 c6 11. Bg2 Nf8 12. h4 h6 13. Nxg6 Nxg6 14. h5 Nf8 15. Qe2 N8d7 16. f4 0-0-0 17. b4 Nb6 18. 0-0-0 Na4 19. Bf3 b5 20. Nb3 Rd7 21. Nc5 Bxc5 22. dxc5 Nxb2 23. Kxb2 a5 24. e4 Rhd8 25. e5 Ne4 26. Bxe4 dxe4 27. Rd6 Rxd6 28. cxd6 Qa7 29. Qxe4 Kd7 30. Rh3 Ra8 31. f5 axb4 32. Qxb4 Qf2 33. fxe6+ fxe6 34. Qc3 Ra4 35. Rf3 b4 36. Rxf2 bxc3+ 37. Kxc3 Rxa3+ 38. Kb4 Re3 39. Rf7+ Kd8 40. Rxg7 Rxe5 41. c4 Ke8 42. Re7+ Kf8 43. Rh7 1-0

[Event "Criciuma op"]
[Site "Criciuma"]
[Date "2023.01.18"]
[Round "8"]
[White "Sombrio, Otto de Henrique"]
[Black "De Matos, Alexandre"]
[Result "0-1"]
[WhiteElo "1239"]
[BlackElo "1871"]
[PlyCount "52"]
[EventDate "2023.01.13"]
[EventType "swiss"]
[EventRounds "9"]
[EventCountry "BRA"]
[SourceTitle "CBM 212 Extra"]
[Source "ChessBase"]
[SourceDate "2023.03.31"]
[SourceVersion "1"]
[SourceVersionDate "2023.03.31"]
[SourceQuality "1"]

1. d4 d5 2. c4 e6 3. Nf3 c6 4. g3 Nf6 5. Bg2 Bb4+ 6. Bd2 Be7 7. 0-0 0-0 8. Qc2 a5 9. Nc3 Na6 10. a3 dxc4 11. e3 Nd7 12. Ne5 Nxe5 13. dxe5 Qc7 14. f4 Nc5 15. Ne4 Nb3 16. Rad1 b5 17. Bc1 Ba6 18. Nd6 Rad8 19. Ne4 Rxd1 20. Rxd1 Rd8 21. Nd2 a4 22. Nxb3 axb3 23. Qe2 Rxd1+ 24. Qxd1 b4 25. Bf1 bxa3 26. bxa3 Qa5 0-1

[Event "Criciuma op"]
[Site "Criciuma"]
[Date "2023.01.17"]
[Round "7"]
[White "Juliano, Joao Carlos Mazzini"]
[Black "De Matos, Alexandre"]
[Result "1-0"]
[WhiteElo "1847"]
[BlackElo "1871"]
[PlyCount "69"]
[EventDate "2023.01.13"]
[EventType "swiss"]
[EventRounds "9"]
[EventCountry "BRA"]
[SourceTitle "CBM 212 Extra"]
[Source "ChessBase"]
[SourceDate "2023.03.31"]
[SourceVersion "1"]
[SourceVersionDate "2023.03.31"]
[SourceQuality "1"]

1. d4 d5 2. Bf4 Nf6 3. e3 c5 4. c3 Qb6 5. Qb3 c4 6. Qc2 Bf5 7. Qxf5 Nc6 8. Qc2 h6 9. h3 g5 10. Bh2 Ne4 11. Nd2 f5 12. Ngf3 e6 13. Ne5 h5 14. Nxc6 Qxc6 15. Be5 Rh6 16. Nxe4 fxe4 17. Be2 Bd6 18. Bxd6 Qxd6 19. Qd1 0-0-0 20. Bxh5 Rf8 21. Bg4 Kb8 22. Qd2 Rhf6 23. 0-0 Rh6 24. f3 Rfh8 25. fxe4 dxe4 26. Qf2 Rh4 27. g3 R4h6 28. Kg2 a6 29. Qf7 Qb6 30. Rab1 Qc6 31. Rf6 R6h7 32. Qxe6 Qa4 33. Rbf1 Rd8 34. Qxe4 Qxa2 35. Qxh7 1-0